| 000 | 01117cam a22003014a 4500 | ||
|---|---|---|---|
| 999 |
_c329812 _d329812 |
||
| 001 | 14306120 | ||
| 003 | NUST | ||
| 005 | 20170523123522.0 | ||
| 008 | 060319r20051919pk bf 001 0 eng | ||
| 010 | _a 2005306013 | ||
| 020 | _a9693517296 | ||
| 025 | _aP-E-2005306013 ; 20 | ||
| 040 |
_aDLC _cDLC |
||
| 042 | _alcode | ||
| 043 | _aa-pk--- | ||
| 050 | 0 | 0 |
_aDS392.S815 _bS86 2005 |
| 082 | _a954.918 GAZ | ||
| 245 | 0 | 0 |
_aSukkur District / _ccompiled by J. W. Smyth |
| 260 |
_aLahore : _bSang-e- Meel Publications, _c2005. |
||
| 300 |
_a2, ii, 120 p., [1] leaf of plates : _bcol. map ; _c24 cm. |
||
| 490 | 0 | _aGazetteer of the Province of Sind | |
| 500 | _aReprint. Originally published: Bombay : Govt. Central Press, 1919. (Gazetteer of the Province of Sind ; v. 3). | ||
| 500 | _aIncludes index. | ||
| 651 | 0 |
_aSukkur District (Pakistan) _91318 |
|
| 700 | 1 |
_aSmyth, J. W. _91303 |
|
| 906 |
_a7 _bcbc _corigode _d3 _encip _f20 _gy-gencatlg |
||
| 942 |
_2ddc _cBK |
||